[Event "XXXIV Moglianoscacchi B"]
[Site "Mogliano Veneto ITA"]
[Date "2013.04.28"]
[Round "5"]
[White "Bergamasco, Tommaso"]
[Black "Rampazzo, Loriano"]
[WhiteElo "1680"]
[BlackElo "1748"]
[Result "1/2-1/2"]
[PlyCount "100"]
[EventDate "2013.04.25"]

1. f4 g6 2. Nf3 Bg7 3. e4 d6 4. Bc4 Nf6 5. Nc3 c6 6. Be2 O-O 7. O-O Nbd7 8. d3
e5 9. fxe5 dxe5 10. Kh1 Qb6 11. Na4 Qc7 12. Be3 b5 13. Nc5 Ng4 14. Bg1 Bh6 15.
Ng5 Bxg5 16. Bxg4 Be7 17. Nb3 c5 18. Qe2 Nb6 19. Bxc8 Raxc8 20. c4 bxc4 21.
dxc4 Rfd8 22. Rf3 Rd7 23. Raf1 Bf8 24. h4 Qd8 25. h5 a5 26. hxg6 hxg6 27. Bh2
a4 28. Na1 Bg7 29. R3f2 Qg5 30. b3 Rcd8 31. Qf3 f6 32. Qg3 Qxg3 33. Bxg3 Rd2
34. Kh2 R8d3 35. Rxd2 Rxd2 36. Rf2 Rd3 37. Rf3 Rd4 38. Re3 Bh6 39. Re2 axb3 40.
axb3 Rd3 41. Bf2 Nd7 42. Ra2 Kf7 43. g3 Bd2 44. Kg2 f5 45. exf5 gxf5 46. Kf1 e4
47. Ke2 Bc3 48. Nc2 Be5 49. Ra7 Ke6 50. Ra6+ Rd6 1/2-1/2

[Event "XXXIV Moglianoscacchi B"]
[Site "Mogliano Veneto ITA"]
[Date "2013.04.28"]
[Round "5"]
[White "Bonan, Yves"]
[Black "Rossi, Gianni"]
[WhiteElo "1869"]
[BlackElo "1822"]
[Result "1-0"]
[PlyCount "80"]
[EventDate "2013.04.25"]

1. Nf3 c5 2. c4 Nc6 3. g3 e5 4. d3 g6 5. Bg2 Bg7 6. Nc3 Nge7 7. O-O O-O 8. a3
d6 9. Rb1 a5 10. Nb5 h6 11. Bd2 Rb8 12. Qc1 Kh7 13. Bc3 Be6 14. Qc2 b6 15. b3
Qd7 16. Rfe1 d5 17. Rbd1 d4 18. Bb2 Rbd8 19. Bc1 Bg4 20. Bd2 Nf5 21. b4 axb4
22. axb4 Nd6 23. Nxd6 Qxd6 24. b5 Ne7 25. h3 Be6 26. Ra1 Qd7 27. Kh2 f5 28. Ra6
Rb8 29. Rea1 e4 30. Ng1 e3 31. fxe3 dxe3 32. Bc3 f4 33. g4 f3 34. Nxf3 Qd6+ 35.
Kh1 Bd4 36. Bxd4 cxd4 37. Qb2 Rf4 38. Qa3 Qxa3 39. R1xa3 h5 40. Ra7 Rf7 1-0

[Event "XXXIV Moglianoscacchi B"]
[Site "Mogliano Veneto ITA"]
[Date "2013.04.28"]
[Round "5"]
[White "Bozzao, Francesco"]
[Black "Rosina, Graziano"]
[WhiteElo "1857"]
[BlackElo "1784"]
[Result "1-0"]
[PlyCount "66"]
[EventDate "2013.04.25"]

1. d4 d5 2. Nf3 Nf6 3. c4 c6 4. Nc3 e6 5. Bg5 Nbd7 6. e3 Qa5 7. Nd2 Bb4 8. Qc2
O-O 9. Rc1 dxc4 10. Bxf6 Nxf6 11. Nxc4 Qxa2 12. Bd3 Bxc3+ 13. Qxc3 Qa6 14. O-O
Qb5 15. Ne5 Qd5 16. f3 Rd8 17. Rfd1 Qd6 18. Qe1 h6 19. Bb1 Qe7 20. Ba2 Bd7 21.
e4 Be8 22. g4 Nd7 23. Nc4 Nb6 24. Ne3 h5 25. Rc5 hxg4 26. Nxg4 f6 27. Qg3 Kf8
28. Qh4 Kg8 29. Kh1 Bf7 30. Rg1 Kf8 31. Qh8+ Bg8 32. Nh6 Ke8 33. Qxg8+ Qf8 1-0

[Event "XXXIV Moglianoscacchi B"]
[Site "Mogliano Veneto ITA"]
[Date "2013.04.28"]
[Round "5"]
[White "Carraro, Riccardo"]
[Black "Stefan, Marco"]
[WhiteElo "1782"]
[BlackElo "1840"]
[Result "1-0"]
[PlyCount "79"]
[EventDate "2013.04.25"]

1. e4 c5 2. Nc3 d6 3. f4 Nc6 4. Nf3 Bg4 5. h3 Bxf3 6. Qxf3 a6 7. b3 e6 8. Bb2
Qd7 9. Na4 Rd8 10. Be2 b5 11. Nc3 Nd4 12. Qd3 Nf6 13. O-O-O e5 14. fxe5 dxe5
15. Qg3 Qe6 16. Bg4 Nxg4 17. hxg4 b4 18. Nd5 Ne2+ 19. Kb1 Nxg3 20. Nc7+ Kd7 21.
Nxe6 Nxh1 22. Nxd8 Nf2 23. Nxf7 Nxd1 24. Nxh8 Nxb2 25. Nf7 Ke6 26. Ng5+ Kd6 27.
Kxb2 Be7 28. Nf3 h6 29. c3 a5 30. a3 Ke6 31. cxb4 cxb4 32. a4 Bd8 33. Kc2 Bc7
34. Kd3 Bd8 35. Kc4 Kf6 36. Kd5 Bc7 37. d4 exd4 38. Nxd4 Be5 39. Nc6 Bc7 40.
e5+ 1-0

[Event "XXXIV Moglianoscacchi B"]
[Site "Mogliano Veneto ITA"]
[Date "2013.04.28"]
[Round "5"]
[White "Dai Zotti, Marco"]
[Black "Simonetto, Alessio"]
[WhiteElo "1646"]
[BlackElo "1662"]
[Result "1-0"]
[PlyCount "67"]
[EventDate "2013.04.25"]

1. d4 d5 2. Nc3 e6 3. e4 c6 4. Bd3 Bb4 5. Nf3 h6 6. Bd2 Nf6 7. e5 Nfd7 8. Ne2
Bxd2+ 9. Qxd2 c5 10. c3 a6 11. a4 Nc6 12. O-O O-O 13. Bc2 Qc7 14. Ne1 f6 15. f4
fxe5 16. fxe5 Rxf1+ 17. Kxf1 Nb6 18. Qd3 Qf7+ 19. Nf3 g5 20. Kg1 Bd7 21. Rf1
Rf8 22. Nd2 Qg7 23. Ng3 c4 24. Qe2 Rxf1+ 25. Ndxf1 Be8 26. Ne3 Ne7 27. Ng4 Nd7
28. Qf2 Bg6 29. Nf6+ Nxf6 30. exf6 Qf7 31. fxe7 Bxc2 32. Qxc2 Kg7 33. Qe2 Qxe7
34. Nf5+ 1-0

[Event "XXXIV Moglianoscacchi B"]
[Site "Mogliano Veneto ITA"]
[Date "2013.04.28"]
[Round "5"]
[White "Fracasso Pezzolato, Michele"]
[Black "Poletti, Fausto"]
[WhiteElo "1845"]
[BlackElo "1904"]
[Result "0-1"]
[PlyCount "108"]
[EventDate "2013.04.25"]

1. e4 c5 2. Nf3 Nc6 3. d4 cxd4 4. Nxd4 Nf6 5. Nc3 e5 6. Ndb5 d6 7. Na3 a6 8.
Bg5 b5 9. Nd5 Be7 10. Bxf6 Bxf6 11. c4 O-O 12. Nc2 Rb8 13. cxb5 axb5 14. Be2
Bg5 15. O-O g6 16. b4 f5 17. Nc3 Kh8 18. f3 Be6 19. Kh1 Bc4 20. Bxc4 bxc4 21.
b5 Qa5 22. Qe1 Nd4 23. Rf2 Nxb5 24. Nd5 Qxe1+ 25. Rxe1 Nd4 26. Na3 Rfc8 27. f4
exf4 28. Nxf4 c3 29. g3 Bxf4 30. gxf4 Rb2 31. Rxb2 cxb2 32. Rb1 Rc3 33. Rxb2
Rxa3 34. exf5 Nxf5 35. Kg2 Kg7 36. Rb7+ Kf6 37. Rxh7 Rxa2+ 38. Kf3 d5 39. Rd7
d4 40. Rb7 Rxh2 41. Rb6+ Kg7 42. Rb7+ Kh6 43. Rb8 Rh3+ 44. Kf2 Re3 45. Rf8 Kh5
46. Rg8 Kg4 47. Rxg6+ Kxf4 48. Rf6 Re5 49. Rf8 d3 50. Rd8 Ke4 51. Ke1 Ke3 52.
Kd1 Nd4 53. Rh8 Nf3 54. Rh3 Kf2 0-1

[Event "XXXIV Moglianoscacchi B"]
[Site "Mogliano Veneto ITA"]
[Date "2013.04.28"]
[Round "5"]
[White "Militello, Michele"]
[Black "Zamengo, Bruno"]
[WhiteElo "1801"]
[BlackElo "1900"]
[Result "0-1"]
[PlyCount "80"]
[EventDate "2013.04.25"]

1. d4 Nf6 2. Nf3 g6 3. Bg5 Bg7 4. h3 c5 5. Bxf6 Bxf6 6. e3 cxd4 7. exd4 Qb6 8.
b3 Nc6 9. c3 d5 10. Bd3 Bd7 11. O-O O-O 12. Qe2 e5 13. dxe5 Rfe8 14. Qc2 Nxe5
15. Nxe5 Bxe5 16. a4 Rac8 17. Qd2 Qxb3 18. Ra3 Qb6 19. c4 Bd6 20. a5 Qc5 21.
cxd5 Qxd5 22. Ra2 Bc6 23. f3 Bb4 24. Be4 Qc5+ 25. Qf2 Bxe4 26. fxe4 Rxe4 27.
Kh1 Qxf2 28. Raxf2 Rc7 29. Ra2 Re5 30. a6 bxa6 31. Rxa6 Rec5 32. Rd6 Rc1 33.
Rdd1 Rxd1 34. Rxd1 Re7 35. Rd8+ Kg7 36. Nd2 Re1+ 37. Kh2 Rd1 38. Ra8 Bd6+ 39.
g3 Rxd2+ 40. Kg1 Bxg3 0-1

[Event "XXXIV Moglianoscacchi B"]
[Site "Mogliano Veneto ITA"]
[Date "2013.04.28"]
[Round "5"]
[White "Negro, Raffaele"]
[Black "Guidobene, Davide"]
[WhiteElo "1838"]
[BlackElo "1682"]
[Result "1-0"]
[PlyCount "89"]
[EventDate "2013.04.25"]

1. d4 Nf6 2. Nf3 e6 3. Bf4 b6 4. e3 Bb7 5. Nbd2 Nh5 6. Bg5 Be7 7. Bxe7 Qxe7 8.
c3 d6 9. Bd3 Nf6 10. e4 e5 11. Qe2 O-O 12. dxe5 dxe5 13. Nc4 Nbd7 14. O-O Rad8
15. b4 Rfe8 16. a4 a6 17. Rfd1 c5 18. b5 a5 19. Bc2 Nh5 20. g3 Ba8 21. Nd6 Rf8
22. Nf5 Qe8 23. Qe3 Ndf6 24. Rxd8 Qxd8 25. Nxe5 Qe8 26. f4 Nd7 27. Nxd7 Qxd7
28. Rd1 Qe6 29. Rd6 Qa2 30. Qd3 Nf6 31. Ne7+ Kh8 32. Nd5 Nxd5 33. exd5 g6 34.
c4 Re8 35. Qc3+ Kg8 36. Kf2 Bb7 37. Kf3 h5 38. h3 Bc8 39. g4 hxg4+ 40. hxg4
Bxg4+ 41. Kxg4 f5+ 42. Kg5 Re2 43. Rxg6+ Kf8 44. Kf6 Ke8 45. Rg8+ 1-0

[Event "XXXIV Moglianoscacchi B"]
[Site "Mogliano Veneto ITA"]
[Date "2013.04.28"]
[Round "5"]
[White "Orsatti, Marcello"]
[Black "Girgenti, Giuseppe"]
[WhiteElo "1926"]
[BlackElo "1876"]
[Result "1/2-1/2"]
[PlyCount "93"]
[EventDate "2013.04.25"]

1. c4 Nf6 2. g3 e6 3. Bg2 c6 4. d4 d5 5. Qc2 Bd6 6. Nf3 Nbd7 7. O-O O-O 8. Nbd2
h6 9. e4 dxe4 10. Nxe4 Nxe4 11. Qxe4 Nf6 12. Qc2 Re8 13. Re1 Bd7 14. Ne5 Rc8
15. Bd2 Qc7 16. Rad1 c5 17. Nxd7 Nxd7 18. d5 exd5 19. Bxd5 Nf6 20. Bg2 b6 21.
Bc3 Be5 22. b3 Bxc3 23. Qxc3 Rcd8 24. Rxe8+ Rxe8 25. Qd3 Qe7 26. Bc6 Rc8 27.
Qf3 Rd8 28. Kg2 Rxd1 29. Qxd1 Qc7 30. Bf3 Qd7 31. Qe2 Qe8 32. Qd3 Qd7 33. Qe2
Qe8 34. Qd3 g5 35. Qd6 Kg7 36. Bd5 Qe2 37. Qc7 Nxd5 38. cxd5 Qe4+ 39. Kg1 Qxd5
40. Qxa7 Qd6 41. Qa8 f5 42. Qb7+ Kg6 43. Kg2 g4 44. Qa8 Qe6 45. Qd8 Qe4+ 46.
Kg1 Qe6 47. Kg2 1/2-1/2

[Event "XXXIV Moglianoscacchi B"]
[Site "Mogliano Veneto ITA"]
[Date "2013.04.28"]
[Round "5"]
[White "Pagan, Nicolo'"]
[Black "Pompili, Alberto"]
[WhiteElo "1774"]
[BlackElo "1803"]
[Result "1-0"]
[PlyCount "91"]
[EventDate "2013.04.25"]

1. d4 e6 2. c4 Nf6 3. Nc3 d5 4. Bg5 Be7 5. Nf3 Nbd7 6. e3 c6 7. Bd3 h6 8. Bh4
O-O 9. O-O Re8 10. a3 Qc7 11. c5 Nh5 12. Bxe7 Rxe7 13. Nd2 Nhf6 14. f4 Nf8 15.
b4 Bd7 16. a4 Rb8 17. h3 Be8 18. b5 b6 19. Nb3 N6d7 20. Rc1 bxc5 21. dxc5 Nf6
22. bxc6 Bxc6 23. Nb5 Qd7 24. N3d4 Ne8 25. Nxc6 Qxc6 26. Nd4 Qc8 27. Bb5 Rc7
28. Bxe8 Qxe8 29. Nb5 Rxb5 30. axb5 Qxb5 31. Qc2 Nd7 32. c6 Nb6 33. Qc5 Qa6 34.
Ra1 Qc8 35. Rfc1 Qb8 36. Rab1 Qc8 37. Rxb6 axb6 38. Qxb6 Kh7 39. Kf2 Qd8 40. g4
Qd6 41. Kf3 g6 42. Rc3 Qd8 43. Ra3 Qc8 44. Ra7 Rxc6 45. Rxf7+ Kg8 46. Qa7 1-0

[Event "XXXIV Moglianoscacchi B"]
[Site "Mogliano Veneto ITA"]
[Date "2013.04.28"]
[Round "5"]
[White "Panican, Gheorghe"]
[Black "Brunelli, Flavio"]
[WhiteElo "1983"]
[BlackElo "1755"]
[Result "1-0"]
[PlyCount "85"]
[EventDate "2013.04.25"]

1. e4 e6 2. d4 d5 3. e5 c5 4. c3 Nc6 5. Nf3 cxd4 6. cxd4 Qb6 7. Be2 Nh6 8. b3
Nf5 9. Bb2 Bb4+ 10. Kf1 O-O 11. g4 Nh6 12. h3 f6 13. exf6 gxf6 14. Nc3 Bxc3 15.
Bxc3 Nf7 16. Qd2 Nd6 17. Bd3 Qc7 18. Re1 Qf7 19. Qf4 Ne8 20. Bb2 Nb4 21. Bb1
Bd7 22. Qd2 Bb5+ 23. Kg2 a5 24. a3 Nc6 25. Rhg1 Nd6 26. Qf4 Ne8 27. Re3 Ne7 28.
Rge1 Bd7 29. a4 Ng7 30. Ba3 Rfd8 31. Kh2 Ng6 32. Qg3 b5 33. axb5 Bxb5 34. h4
Ra7 35. h5 Nf8 36. h6 Bd7 37. hxg7 Kxg7 38. Bxf8+ Rxf8 39. Qh4 Rh8 40. g5 Be8
41. gxf6+ Kf8 42. Ne5 Qc7 43. Qh6+ 1-0

[Event "XXXIV Moglianoscacchi B"]
[Site "Mogliano Veneto ITA"]
[Date "2013.04.28"]
[Round "5"]
[White "Penzo, Amleto"]
[Black "Giancristofaro, Luca"]
[WhiteElo "1845"]
[BlackElo "1780"]
[Result "0-1"]
[PlyCount "138"]
[EventDate "2013.04.25"]

1. d4 d5 2. Nf3 Nf6 3. e3 e6 4. Bd3 c5 5. b3 Nc6 6. Bb2 Be7 7. O-O O-O 8. Nbd2
cxd4 9. exd4 Nb4 10. Be2 Bd7 11. a3 Nc6 12. Bd3 h6 13. Ne5 Ne8 14. f4 Nd6 15.
Nxc6 Bxc6 16. Qe2 Qd7 17. Rae1 Rfe8 18. Nf3 Ne4 19. Ne5 Qc7 20. Nxc6 Qxc6 21.
Bxe4 dxe4 22. Qxe4 Rac8 23. Qxc6 Rxc6 24. c4 Rd8 25. f5 Bf6 26. fxe6 Rxe6 27.
Rxe6 fxe6 28. Rd1 g5 29. g4 Kh7 30. Kg2 Kg6 31. Kf3 e5 32. Ke4 exd4 33. Bxd4
Re8+ 34. Kf3 Rd8 35. Ke4 Re8+ 36. Kd3 Bxd4 37. b4 Bf6 38. Rc1 Bb2 39. Rb1 Bxa3
40. Kc2 a5 41. bxa5 Re2+ 42. Kb3 Bc5 43. Ka4 Rxh2 44. Rxb7 Rg2 45. Rc7 Be3 46.
Rc6+ Kg7 47. Rc7+ Kg8 48. a6 Rxg4 49. Kb5 Rg1 50. c5 Rb1+ 51. Ka4 Rb8 52. Rb7
Ra8 53. Kb5 Bxc5 54. Kxc5 Rxa6 55. Kd4 Rf6 56. Ke3 Rf7 57. Rb4 Kg7 58. Rg4 Kg6
59. Ke4 h5 60. Rg1 g4 61. Rg3 Kg5 62. Ke3 h4 63. Rg1 g3 64. Ke2 Kg4 65. Ra1 h3
66. Ra4+ Rf4 67. Ra8 g2 68. Rg8+ Kh4 69. Ke3 Rg4 0-1

[Event "XXXIV Moglianoscacchi B"]
[Site "Mogliano Veneto ITA"]
[Date "2013.04.28"]
[Round "5"]
[White "Simonetto, Andrea"]
[Black "Polese, Marco"]
[WhiteElo "1637"]
[BlackElo "1917"]
[Result "1/2-1/2"]
[PlyCount "64"]
[EventDate "2013.04.25"]

1. d4 d5 2. c4 Nf6 3. Nc3 Bf5 4. Bg5 Ne4 5. Bf4 Nxc3 6. bxc3 e6 7. e3 Bd6 8.
Bg3 O-O 9. Bd3 dxc4 10. Bxc4 c5 11. Qd2 Nc6 12. Bxd6 Qxd6 13. Ne2 e5 14. Rd1
Na5 15. Bb3 Nxb3 16. axb3 exd4 17. cxd4 cxd4 18. Nxd4 Bg4 19. Rc1 Qa6 20. f3
Bh5 21. Kf2 Rad8 22. Qc3 Bg6 23. Rhd1 Rd5 24. Ne2 Qd6 25. Rxd5 Qxd5 26. Nf4 Qd6
27. Nxg6 hxg6 28. h3 Rd8 29. Rc2 Qd1 30. Re2 Qd5 31. Rc2 Qd1 32. Re2 Qd5
1/2-1/2

[Event "XXXIV Moglianoscacchi B"]
[Site "Mogliano Veneto ITA"]
[Date "2013.04.28"]
[Round "5"]
[White "Sotter-Klundt, Gerlinde"]
[Black "Gennari, Andrea"]
[WhiteElo "1803"]
[BlackElo "1654"]
[Result "1-0"]
[PlyCount "131"]
[EventDate "2013.04.25"]

1. d4 Nf6 2. c4 e6 3. Nf3 Bb4+ 4. Nc3 d5 5. e3 O-O 6. Be2 c5 7. O-O Nc6 8. a3
Bxc3 9. bxc3 Qa5 10. Qc2 Rd8 11. Bb2 b6 12. cxd5 exd5 13. Nd2 c4 14. Bf3 Bd7
15. e4 dxe4 16. Nxc4 Qd5 17. Be2 Re8 18. Ne3 Qg5 19. c4 Bg4 20. Rad1 Bf3 21.
Bc1 Rad8 22. Bxf3 exf3 23. Qf5 Qxf5 24. Nxf5 fxg2 25. Kxg2 Ne4 26. Be3 Nd6 27.
Nxd6 Rxd6 28. Kh1 Re4 29. c5 Rd5 30. cxb6 axb6 31. Rc1 Re6 32. Rg1 Red6 33. Rb1
Nxd4 34. Rgc1 h6 35. Rc8+ Kh7 36. Rc7 Kg6 37. Rb7 Nb5 38. a4 Nc3 39. Rb4 Ra5
40. R7xb6 Rxb6 41. Rxb6+ f6 42. Bd2 Rc5 43. Ra6 Ne4 44. Be3 Rc4 45. a5 Nc5 46.
Rc6 Ra4 47. Rxc5 Ra1+ 48. Kg2 Ra4 49. Rb5 Rg4+ 50. Kh1 Ra4 51. h3 f5 52. Rb6+
Kh5 53. a6 Kh4 54. Kg2 f4 55. Bc5 h5 56. Rg6 Re4 57. Rxg7 Re8 58. Be7+ Rxe7 59.
Rxe7 f3+ 60. Kxf3 Kxh3 61. a7 h4 62. a8=Q Kh2 63. Rh7 h3 64. Rxh3+ Kg1 65. Rg3+
Kf1 66. Qa1# 1-0

[Event "XXXIV Moglianoscacchi B"]
[Site "Mogliano Veneto ITA"]
[Date "2013.04.28"]
[Round "5"]
[White "Stringhetta, Elio"]
[Black "Artuso, Sofia"]
[WhiteElo "1680"]
[BlackElo "1621"]
[Result "0-1"]
[PlyCount "66"]
[EventDate "2013.04.25"]

1. d4 d5 2. Bf4 c6 3. e3 e6 4. Nf3 f5 5. Nbd2 Nf6 6. a3 Bd6 7. Bxd6 Qxd6 8. c4
O-O 9. Be2 Nbd7 10. b4 Ne4 11. Rc1 Rf6 12. cxd5 exd5 13. O-O Rh6 14. h3 Qg6 15.
Kh2 Qd6+ 16. Kh1 f4 17. Nxe4 dxe4 18. Qb3+ Kf8 19. Ng5 Qe7 20. exf4 Nb6 21. Qe3
Bf5 22. Bc4 Rd8 23. Nf7 Nxc4 24. Rxc4 Qxf7 25. Rc3 Rd5 26. Kg1 Qg6 27. g4 Bd7
28. Re1 Rdh5 29. Qc1 Bxg4 30. Rg3 Rxh3 31. Qc5+ Kf7 32. f3 Rxg3+ 33. Kf2 Rxf3+
0-1

[Event "XXXIV Moglianoscacchi B"]
[Site "Mogliano Veneto ITA"]
[Date "2013.04.28"]
[Round "5"]
[White "Zangrando, Gianpietro"]
[Black "Viviani, Bruno"]
[WhiteElo "1784"]
[BlackElo "1729"]
[Result "1/2-1/2"]
[PlyCount "58"]
[EventDate "2013.04.25"]

1. Nf3 Nf6 2. c4 g6 3. Nc3 d5 4. d4 Bg7 5. g3 O-O 6. Bg2 c5 7. cxd5 Nxd5 8. O-O
Nc6 9. Nxd5 Qxd5 10. Ne5 Qxd4 11. Nxc6 bxc6 12. Bxc6 Bh3 13. Qxd4 cxd4 14. Rd1
Rab8 15. Be4 Rfd8 16. Rb1 a5 17. Bd2 a4 18. b3 axb3 19. Rxb3 Be6 20. Rxb8 Rxb8
21. Rb1 Rxb1+ 22. Bxb1 Bc4 23. Kf1 f5 24. a4 e5 25. Bd3 Bd5 26. Ke1 Kf7 27. Bb4
Ke6 28. Kd2 e4 29. Bb5 Be5 1/2-1/2

[Event "XXXIV Moglianoscacchi B"]
[Site "Mogliano Veneto ITA"]
[Date "2013.04.28"]
[Round "5"]
[White "Zanirato, Stefano"]
[Black "Belloni, Umberto"]
[WhiteElo "1872"]
[BlackElo "1808"]
[Result "1-0"]
[PlyCount "51"]
[EventDate "2013.04.25"]

1. e4 e6 2. d4 d5 3. Bd3 Nf6 4. Bg5 h6 5. Bxf6 Qxf6 6. Nf3 Nd7 7. O-O dxe4 8.
Bxe4 Bd6 9. Nbd2 c6 10. Bd3 Bc7 11. Ne4 Qd8 12. c3 Nf6 13. Nxf6+ Qxf6 14. Re1
O-O 15. Qe2 Bd7 16. Qe4 g6 17. Ne5 Rad8 18. Re3 Bxe5 19. dxe5 Qf5 20. Qb4 Qg5
21. h4 Qh5 22. Be2 Qf5 23. Rc1 Bc8 24. g4 a5 25. Qxf8+ Rxf8 26. gxf5 1-0

[Event "XXXIV Moglianoscacchi B"]
[Site "Mogliano Veneto ITA"]
[Date "2013.04.28"]
[Round "6"]
[White "Artuso, Sofia"]
[Black "Penzo, Amleto"]
[WhiteElo "1621"]
[BlackElo "1845"]
[Result "1-0"]
[PlyCount "37"]
[EventDate "2013.04.25"]

1. e4 c5 2. Nf3 Nc6 3. d4 cxd4 4. Nxd4 Qb6 5. Nb3 Nf6 6. Nc3 e6 7. Be3 Qc7 8.
f3 a6 9. Qd2 Bb4 10. Be2 d5 11. exd5 Nxd5 12. O-O Nxe3 13. Qxe3 O-O 14. Bd3 Na5
15. Bxh7+ Kh8 16. Qe4 Nxb3 17. Qh4 Qe7 18. Qh3 Qf6 19. Bg6+ 1-0

[Event "XXXIV Moglianoscacchi B"]
[Site "Mogliano Veneto ITA"]
[Date "2013.04.28"]
[Round "6"]
[White "Barbieri, Lorenzo"]
[Black "Simonetto, Andrea"]
[WhiteElo "1807"]
[BlackElo "1637"]
[Result "1-0"]
[PlyCount "87"]
[EventDate "2013.04.25"]

1. d4 d5 2. c4 e6 3. Nc3 Nf6 4. Bg5 Be7 5. e3 Nc6 6. Nf3 O-O 7. a3 a5 8. c5 b6
9. cxb6 cxb6 10. Rc1 Bb7 11. Bb5 Rc8 12. O-O h6 13. Bf4 Bd6 14. Ne2 Bxf4 15.
Nxf4 Na7 16. Bd3 Rxc1 17. Qxc1 Qd6 18. Qb1 Rc8 19. Rc1 Rxc1+ 20. Qxc1 Qc6 21.
Qxc6 Bxc6 22. Kf1 Kf8 23. Ne2 Bb5 24. Bxb5 Nxb5 25. Ne5 Ke7 26. f3 Nd7 27. Nd3
Nf6 28. Ke1 Nd7 29. Kd2 Kd6 30. Nc3 Nxc3 31. Kxc3 Kc6 32. a4 g6 33. e4 g5 34.
g3 f6 35. h4 e5 36. hxg5 hxg5 37. dxe5 Nxe5 38. Nxe5+ fxe5 39. exd5+ Kxd5 40.
Kd3 Kd6 41. Ke4 Ke6 42. g4 Kf6 43. Kd5 Ke7 44. Kxe5 1-0

[Event "XXXIV Moglianoscacchi B"]
[Site "Mogliano Veneto ITA"]
[Date "2013.04.28"]
[Round "6"]
[White "Belloni, Umberto"]
[Black "Pagan, Nicolo'"]
[WhiteElo "1808"]
[BlackElo "1774"]
[Result "1/2-1/2"]
[PlyCount "142"]
[EventDate "2013.04.25"]

1. d4 Nf6 2. c3 e6 3. Bg5 Be7 4. Nd2 d5 5. Bxf6 Bxf6 6. f4 Nd7 7. Ngf3 c5 8. e3
O-O 9. h4 g6 10. g4 cxd4 11. cxd4 Re8 12. g5 Bh8 13. h5 Nf8 14. hxg6 fxg6 15.
Bd3 Qb6 16. b3 e5 17. fxe5 Bg4 18. Be2 Qb4 19. a3 Qc3 20. Kf2 Ne6 21. Qc1 Qa5
22. Qg1 Bxf3 23. Nxf3 Rf8 24. Qg4 Rf5 25. b4 Qb6 26. Bd3 Rf7 27. Kg2 a5 28. b5
Rc8 29. Rac1 Rcf8 30. Rhf1 Ng7 31. Nh2 Nf5 32. Bxf5 gxf5 33. Qe2 Qg6 34. Kh1 h6
35. gxh6 Qxh6 36. Rg1+ Kh7 37. Qf3 f4 38. e4 dxe4 39. Qxe4+ Rf5 40. Rcf1 Bg7
41. e6 Qf6 42. Kg2 Re8 43. d5 Kh8 44. Nf3 Qb2+ 45. Rf2 Qf6 46. Re1 Bf8 47. Rh1+
Kg8 48. Kf1 Bg7 49. Rh4 Qa1+ 50. Kg2 Qf6 51. Rg4 Kf8 52. Nh4 Rg5 53. Ng6+ Kg8
54. Rfxf4 Rxg4+ 55. Rxg4 Rc8 56. Nf4 Qb2+ 57. Kh3 Rc3+ 58. Rg3 Qxa3 59. Ne2
Rxg3+ 60. Nxg3 Qe7 61. Nf5 Qa3+ 62. Kg4 Qb4 63. Kf4 Qd2+ 64. Kf3 Qd1+ 65. Kg3
Qg1+ 66. Kf4 Qf2+ 67. Kg4 Qg1+ 68. Ng3 Qd1+ 69. Kf5 Qa1 70. Nh5 Qf1+ 71. Nf4
Qa1 1/2-1/2

[Event "XXXIV Moglianoscacchi B"]
[Site "Mogliano Veneto ITA"]
[Date "2013.04.28"]
[Round "6"]
[White "Bergamasco, Tommaso"]
[Black "Fracasso Pezzolato, Michele"]
[WhiteElo "1680"]
[BlackElo "1845"]
[Result "1/2-1/2"]
[PlyCount "71"]
[EventDate "2013.04.25"]

1. f4 b6 2. Nf3 Nf6 3. e3 e6 4. b3 Bb7 5. Bb2 Be7 6. Be2 d6 7. O-O Nbd7 8. c4
c5 9. Qc2 Qc7 10. d4 Ng4 11. Qd2 Rg8 12. Nc3 g5 13. Nxg5 Bxg5 14. Bxg4 Be7 15.
Bf3 O-O-O 16. Nb5 Qb8 17. a4 cxd4 18. a5 a6 19. Nxd4 Nc5 20. Qc2 Bxf3 21. Rxf3
bxa5 22. Rxa5 Qb7 23. Ba3 Bf6 24. Rg3 Bxd4 25. exd4 Rxg3 26. hxg3 Nxb3 27. Rg5
Nxd4 28. Qa4 Nf5 29. Qc2 Ne3 30. Qa2 h6 31. Rh5 Rg8 32. Bxd6 Rxg3 33. Rc5+ Kd8
34. Qa5+ Ke8 35. Qa4+ Kd8 36. Qa5+ 1/2-1/2

[Event "XXXIV Moglianoscacchi B"]
[Site "Mogliano Veneto ITA"]
[Date "2013.04.28"]
[Round "6"]
[White "Bonan, Yves"]
[Black "Orsatti, Marcello"]
[WhiteElo "1869"]
[BlackElo "1926"]
[Result "1/2-1/2"]
[PlyCount "95"]
[EventDate "2013.04.25"]

1. Nf3 c5 2. c4 Nc6 3. g3 g6 4. Bg2 Bg7 5. Nc3 e5 6. d3 Nge7 7. O-O O-O 8. a3
d5 9. cxd5 Nxd5 10. Nxd5 Qxd5 11. Be3 Qd6 12. Rc1 Nd4 13. Nxd4 exd4 14. Bf4 Be5
15. Bh6 Re8 16. Qc2 Bg7 17. Bxg7 Kxg7 18. Qxc5 Qxc5 19. Rxc5 Rxe2 20. b4 Rd2
21. Rfc1 Bf5 22. Bxb7 Re8 23. Rc7 Rxd3 24. Bd5 Rxa3 25. Bxf7 Rc8 26. Rxc8 Bxc8
27. Rxc8 Kxf7 28. Rc7+ Ke6 29. Kg2 Kd5 30. Rxh7 Kc4 31. Rd7 Kc3 32. b5 d3 33.
Rc7+ Kb4 34. Kf3 Kxb5 35. h4 a5 36. Rg7 Ra1 37. Ke3 Kc4 38. Rc7+ Kb3 39. Kxd3
a4 40. Rb7+ Ka2 41. Rb6 Rb1 42. Rxg6 Rb3+ 43. Kc4 a3 44. Ra6 Kb2 45. h5 a2 46.
Rxa2+ Kxa2 47. g4 Kb2 48. f4 {...} 1/2-1/2

[Event "XXXIV Moglianoscacchi B"]
[Site "Mogliano Veneto ITA"]
[Date "2013.04.28"]
[Round "6"]
[White "Bortolotto, Denzio"]
[Black "Zangrando, Gianpietro"]
[WhiteElo "1815"]
[BlackElo "1784"]
[Result "1-0"]
[PlyCount "71"]
[EventDate "2013.04.25"]

1. d4 e6 2. c4 d5 3. Nf3 c6 4. Qc2 f5 5. Bg5 Nf6 6. cxd5 exd5 7. Ne5 Qa5+ 8.
Bd2 Qb6 9. e3 Bd6 10. Nd3 O-O 11. Nc3 a5 12. O-O-O Na6 13. Na4 Qc7 14. Kb1 Ne4
15. Be1 Nb4 16. Qc1 b6 17. f3 Nf6 18. f4 Nxd3 19. Bxd3 Ne4 20. Qc2 c5 21. Bxe4
fxe4 22. dxc5 bxc5 23. Rxd5 Be6 24. Rg5 Be7 25. Re5 Bf7 26. g4 Rfd8 27. Bg3 Qb7
28. Rc1 Rd3 29. Nxc5 Qa7 30. Nxd3 exd3 31. Qxd3 Qb7 32. Qe4 Qxe4+ 33. Rxe4 Bf6
34. Be1 a4 35. Rb4 Bd5 36. e4 1-0

[Event "XXXIV Moglianoscacchi B"]
[Site "Mogliano Veneto ITA"]
[Date "2013.04.28"]
[Round "6"]
[White "Brunelli, Flavio"]
[Black "Carraro, Riccardo"]
[WhiteElo "1755"]
[BlackElo "1782"]
[Result "1-0"]
[PlyCount "55"]
[EventDate "2013.04.25"]

1. e4 e5 2. f4 exf4 3. Bc4 Bc5 4. Nf3 d6 5. d4 Bb4+ 6. c3 Ba5 7. Bxf4 Bg4 8.
Qb3 Bxf3 9. Bxf7+ Kf8 10. gxf3 Qf6 11. Bxg8 Rxg8 12. Nd2 Nd7 13. Bg3 Rb8 14.
Qb5 Bxc3 15. bxc3 Nb6 16. O-O-O g6 17. f4 a6 18. Qe2 Qe6 19. Nf3 d5 20. Ng5 Qc6
21. Qc2 dxe4 22. Nxe4 Nc4 23. Rhe1 Re8 24. d5 Qb6 25. Qb3 Qxb3 26. axb3 Na5 27.
Nc5 Rxe1 28. Bxe1 1-0

[Event "XXXIV Moglianoscacchi B"]
[Site "Mogliano Veneto ITA"]
[Date "2013.04.28"]
[Round "6"]
[White "Civitareale, Alberto"]
[Black "Stringhetta, Elio"]
[WhiteElo "1737"]
[BlackElo "1680"]
[Result "1/2-1/2"]
[PlyCount "84"]
[EventDate "2013.04.25"]

1. e4 c5 2. Nf3 d6 3. d4 cxd4 4. Nxd4 Nc6 5. Nc3 Nf6 6. Bc4 g6 7. O-O Bg7 8.
Bg5 Bd7 9. Re1 O-O 10. Qd2 a6 11. a3 b5 12. Ba2 Rc8 13. Nxc6 Bxc6 14. Rad1 Qb6
15. b4 Qb7 16. Nd5 Bxd5 17. Bxd5 Nxd5 18. exd5 Rfe8 19. Re3 Rc4 20. Qe2 Be5 21.
Re4 Rec8 22. Rxc4 Rxc4 23. Be3 Qc7 24. Rd2 Kg7 25. g3 Rc3 26. f4 Bf6 27. Qf2
Qc4 28. Bd4 Bxd4 29. Rxd4 Qc7 30. Rd2 Rxa3 31. Qd4+ f6 32. Re2 Rc3 33. Rxe7+
Qxe7 34. Qxc3 Qa7+ 35. Kg2 h5 36. Kf3 Qg1 37. Qc7+ Kh6 38. Qxd6 Qf1+ 39. Ke3
Qc1+ 40. Kd3 Qf1+ 41. Kc3 Qc4+ 42. Kb2 Qd4+ 1/2-1/2

[Event "XXXIV Moglianoscacchi B"]
[Site "Mogliano Veneto ITA"]
[Date "2013.04.28"]
[Round "6"]
[White "Giancristofaro, Luca"]
[Black "Zanirato, Stefano"]
[WhiteElo "1780"]
[BlackElo "1872"]
[Result "1/2-1/2"]
[PlyCount "68"]
[EventDate "2013.04.25"]

1. d4 Nf6 2. c4 e6 3. Nf3 c5 4. e3 Qb6 5. Nc3 d6 6. Qb3 Bd7 7. Be2 Be7 8. O-O
O-O 9. Qc2 Nc6 10. dxc5 Qxc5 11. a3 a5 12. e4 e5 13. Rd1 Nd4 14. Nxd4 exd4 15.
Nd5 Nxd5 16. exd5 f5 17. b3 Bf6 18. Bd3 b5 19. Rb1 Rac8 20. Bb2 g6 21. Qd2 bxc4
22. Bxc4 a4 23. Bxd4 Bxd4 24. Qxd4 Qxa3 25. b4 Rfe8 26. Ba6 Rc2 27. Qa7 Bc8 28.
Bxc8 Rexc8 29. Qe7 Rc1 30. Qe6+ Kg7 31. Rbxc1 Rxc1 32. Qe7+ Kg8 33. Qe6+ Kg7
34. Qe7+ Kg8 1/2-1/2